01214cam a22002173a 45000010005000000030006000050050017000110080041000280400015000690420007000840500007000911000066000982450098001642600029002625050557002915060030008485160020008786530029008988300028009278560041009557477PGUSA20140828083145.0050201s2005||||xxu|||||s|||||000 1 eng d aPGUSAbeng adc 4aPR1 aDunsany, Edward John Moreton Drax Plunkett, Baron,d1878-195714aThe Book of Wonderh[electronic resource] /cEdward John Moreton Drax Plunkett, Baron Dunsany bProject Gutenberg,c20050 aPreface -- The Bride of the Man-Horse -- Distressing Tale of Thangobrind The Jeweller -- The House of the Sphinx -- Probable Adventure of the Three Literary Men -- The Injudicious Prayers of Pombo the Idolater -- The Loot of Bombasharna -- Miss Cubbidge and the Dragon Of Romance -- The Quest of the Queen's Tears -- The Hoard of the Gibbelins -- How Nuth Would Have Practised His Art Upon the Gnoles -- How One Came, As Was Foretold, to the City Of Never -- The Coronation of Mr. Thomas Shap -- Chu-Bu and Sheemish -- The Wonderful Window -- Epilogue. aPublic domain in the USA. aElectronic text aFantasy fiction, English 0aProject Gutenbergv747740uhttp://www.gutenberg.org/ebooks/7477